Записка о способах взятия Карса, составленная кн. Мирским и пересланная М. Т. Лорис-Меликову

RUSMARC
00005281nac2a22003613x 450
001b9138655-3c99-49e1-805f-70d1b4e82998
00520240819170048.0
100##$a20240716l18771877k y0rusy50 ca
1010#$arus
102##$aRU
105##$ay z |||||
1222#$ad18771102
$ad18771108
2001#$aЗаписка о способах взятия Карса, составленная кн. Мирским и пересланная М. Т. Лорис-Меликову
$j02.11.1877 - 08.11.1877
215##$a8 листов
$d37,2 х 25,2
251##$cДело
300##$aЗаголовок дела на папке: Записка о способах взятия Карса, составленная кн. Мирским и переданная в руководство М. Т. Лорис-Меликову
300##$aЛисты: 1-8 имеют пятна (следы подтеков)
300##$aРукописный текст
325##$aЗамикрофильмировано
330##$aВходит в раздел описи: Материалы по Русско-турецкой войне 1877 - 1878 гг.
461#0$1001cda3d175-ae4a-411a-8dea-9cc20fb178f6
$12001
$aЛорис-Меликов Михаил Тариелович, граф, министр внутренних дел, главный начальник "верховной распорядительной комиссии по охранению государственного порядка и общественного спокойствия", генерал от кавалерии
$1251
$cФонд
$1852
$j569
462#0$1001163e060a-d7cc-404d-90ee-e28c9801971b
$12001
$aОпись дел фонда М. Т. Лорис-Меликова за 1858-1915 гг.
$vД. 6
$1251
$cОпись
$1852
$j1
5171#$aЗаписка о способах взятия Карса, составленная кн. Мирским и переданная в руководство М. Т. Лорис-Меликову
600#1$aЛорис-Меликов
$bМ. Т.
$gМихаил Тариелович
600#1$aМирский
$cкн.
605##$3DITM\AF\0000002775
$aВласть
$lколлекция
$2acquisition_prlib
6101#$aВзятие Карса
686##$a63.3(2)535-332ю1
$cИстория
$2rubbk
686##$a67.400.6ю1
$cПраво
$2rubbk
700#1$aМирский
$cкн.
801#0$aRU
$bGA_RF
801#1$aRU
$bГлавНИВЦ
$c20240716
$2rusmarc
801#2$aRU
$bПБ им. Б.Н. Ельцина
$c20240819
$gRCR
$2rusmarc
852##$aГА РФ
$j6
937##$d193620397
$hГАРФ
035##$aRuPRLIB51076412
856##$uhttp://readingroom.main.prlib.ru/item.aspx?id_node=n193620397&mode=full
Формат отображения